Statistiques concernant Quel est ce Pokémon ? par image #5

Cliquez ici pour prendre le quiz!

Statistiques générales

  • Ce quiz a été pris 55 fois
  • Le résultat moyen est 10 sur 16

Statistiques - réponses

Réponse% Correct
Salamèche
100%
Chétiflor
90%
Victini
90%
Cornèbre
86%
Ursaring
86%
Feuillajou
84%
Venipatte
82%
Tropius
80%
Cryptéro
55%
Monorpale
51%
Flambino
45%
Regidrago
45%
Qwilpik
37%
Hurle-Queue
33%
Blancoton
31%
Pelage-Sablé
27%

Distribution des résultats

Percentile par nombre de réponses

% des personnes avec chaque résultat

Votre développement - résultats

Vous n’avez pas pris ce quiz